| 000 | 00592nam a22001577a 4500 | ||
|---|---|---|---|
| 020 | _qHard Cover. | ||
| 082 | _a004 DUR | ||
| 100 | _aDure Adan Ammara | ||
| 245 |
_aAnalyzing Factors of NUST MS Admission Policy/Process: _bA Step Towards Uniform National Admission Policy for the Universities of Pakistan / _cAmmara, Dur Adan |
||
| 260 |
_aIslamabad: _bRCMS-NUST, _c2021. |
||
| 300 |
_a99 p. : _bill. ; _c30cm. |
||
| 650 |
_aMS Computational Science and Engineering. _981456 |
||
| 700 |
_aDr. Zamir Hussain _981484 |
||
| 942 |
_2ddc _cTHE |
||
| 999 |
_c586447 _d586447 |
||